[Event "91st UKR-ch"]
[Site "Poltava UKR"]
[Date "2023.12.09"]
[Round "1.1"]
[White "Maximov, Dmitry"]
[Black "Tsushko, Volodymyr"]
[WhiteElo "2491"]
[BlackElo "1823"]
[Result "1-0"]
[EventDate "2023.12.09"]
[PlyCount "51"]

1. e4 e5 2. Nf3 Nc6 3. Bb5 a6 4. Ba4 d6 5. c3 Nf6 6. d3 Be7 7. Nbd2 O-O 8. O-O Bd7 9. Re1 Re8 10. Nf1 Bf8 11. Bg5 h6 12. Bh4 Be7 13. Ne3 g6 14. Bb3 Nh5 15. Bxe7 Nxe7 16. d4 Nc6 17. dxe5 dxe5 18. Nd5 Na5 19. Bc2 c6 20. Ne3 b5 21. Qd2 Qe7 22. Nxe5 Rad8 23. Nxd7 Rxd7 24. Qe2 Nf4 25. Qf3 Qg5 26. h4 1-0

[Event "91st UKR-ch"]
[Site "Poltava UKR"]
[Date "2023.12.09"]
[Round "1.10"]
[White "Otusky, Yaroslav"]
[Black "Lymar, Vladislav"]
[WhiteElo "1572"]
[BlackElo "2135"]
[Result "0-1"]
[EventDate "2023.12.09"]
[PlyCount "68"]

1. e4 d6 2. d4 Nf6 3. Nc3 e5 4. dxe5 dxe5 5. Qxd8+ Kxd8 6. Bg5 Be6 7. O-O-O+ Nbd7 8. Nf3 Bd6 9. Bb5 Kc8 10. h3 a6 11. Ba4 b5 12. Bb3 Bxb3 13. axb3 b4 14. Ne2 Nxe4 15. Be3 f5 16. Ng5 Nxg5 17. Bxg5 f4 18. f3 Re8 19. c3 a5 20. Kc2 Kb7 21. Rhe1 Nc5 22. Bh4 e4 23. fxe4 Nxe4 24. Rf1 g5 25. Be1 c5 26. h4 h6 27. hxg5 hxg5 28. g3 fxg3 29. Nxg3 Bxg3 30. Bxg3 Nxg3 31. Rf7+ Kb8 32. Rdd7 Ra6 33. Kd3 Ne4 34. Rg7 Rd6+ 0-1

[Event "91st UKR-ch"]
[Site "Poltava UKR"]
[Date "2023.12.09"]
[Round "1.2"]
[White "Rudenko, Taras"]
[Black "Pavlov, Sergey"]
[WhiteElo "1817"]
[BlackElo "2474"]
[Result "0-1"]
[EventDate "2023.12.09"]
[PlyCount "56"]

1. e4 c5 2. Nf3 Nc6 3. d4 cxd4 4. Nxd4 Nf6 5. Nc3 e6 6. Nxc6 bxc6 7. Bd3 d5 8. O-O Be7 9. Re1 d4 10. Nb1 e5 11. Nd2 Bg4 12. f3 Bh5 13. Nc4 Nd7 14. Qe2 O-O 15. Qf2 f6 16. Qg3 Kh8 17. f4 f5 18. Qf2 fxe4 19. Bxe4 exf4 20. Bxc6 Rc8 21. Bxd7 Rxc4 22. Be6 Bh4 23. Qf1 Rxc2 24. Bb3 f3 25. gxf3 Bf2+ 26. Qxf2 Rxf2 27. Kxf2 Qh4+ 28. Ke2 Re8+ 0-1

[Event "91st UKR-ch"]
[Site "Poltava UKR"]
[Date "2023.12.09"]
[Round "1.3"]
[White "Bakhmatskyi, Vladyslav"]
[Black "Chubar, Vladimir"]
[WhiteElo "2465"]
[BlackElo "1805"]
[Result "1-0"]
[EventDate "2023.12.09"]
[PlyCount "113"]

1. d4 e6 2. Nf3 f5 3. g3 Nf6 4. Bg2 d5 5. O-O Bd6 6. c4 c6 7. Nc3 O-O 8. Qc2 Ne4 9. Rb1 a5 10. a3 Bd7 11. c5 Bc7 12. Bf4 Be8 13. Qb3 Bxf4 14. Qxb7 Nd7 15. Nxe4 fxe4 16. Ne1 Bh6 17. Qxc6 Nf6 18. Qxe6+ Kh8 19. Nc2 Bb5 20. Rbe1 Ra6 21. Qh3 Bd2 22. Rd1 Bg5 23. f4 Bd7 24. g4 Bxg4 25. Qg3 Bh6 26. Rd2 Bd7 27. e3 Nh5 28. Qe1 Rg6 29. Kh1 Qc8 30. b4 axb4 31. Nxb4 Bh3 32. Nxd5 Bxg2+ 33. Rxg2 Rxg2 34. Kxg2 g5 35. Qe2 Ng7 36. fxg5 Bxg5 37. Rxf8+ Qxf8 38. Qg4 Bd8 39. Qxe4 Ba5 40. Nf4 Bc7 41. Nd5 Bb8 42. Qf3 Qe8 43. Kh1 h5 44. e4 Qb5 45. e5 Qb1+ 46. Kg2 Qc2+ 47. Kh3 Qg6 48. Nf6 Ne6 49. Qxh5+ Qxh5+ 50. Nxh5 Nxd4 51. Nf4 Kg7 52. Nd3 Nc6 53. Kg4 Nxe5+ 54. Nxe5 Bxe5 55. Kf5 Bxh2 56. Ke6 Kf8 57. Kd7 1-0

[Event "91st UKR-ch"]
[Site "Poltava UKR"]
[Date "2023.12.09"]
[Round "1.4"]
[White "Tretyak, Kyryl"]
[Black "Polulikh, Bogdan"]
[WhiteElo "1803"]
[BlackElo "2346"]
[Result "0-1"]
[EventDate "2023.12.09"]
[PlyCount "88"]

1. d4 d5 2. c4 e6 3. Nc3 Be7 4. Nf3 Nf6 5. Bg5 Nbd7 6. cxd5 exd5 7. e3 c6 8. Bd3 O-O 9. O-O h6 10. Bh4 Ne4 11. Bxe7 Qxe7 12. Qc2 Re8 13. Rab1 Ndf6 14. h3 Bf5 15. b4 a6 16. a4 Qe6 17. Ne5 Bh7 18. Rfe1 Rec8 19. a5 Nxc3 20. Bxh7+ Nxh7 21. Qxc3 Re8 22. Nd3 Rad8 23. Nc5 Qc8 24. e4 dxe4 25. Rxe4 Rxe4 26. Nxe4 Ng5 27. Nc5 Ne6 28. Re1 Nxd4 29. Re7 Kf8 30. Qe1 Re8 31. Rxe8+ Qxe8 32. Qd2 Qd8 33. Kh1 Qd5 34. Nxb7 Ne6 35. Qe3 Qc4 36. Qb6 g5 37. Nc5 Nf4 38. Qxc6 Qf1+ 39. Kh2 Ne2 40. Qd6+ Kg8 41. h4 Qxf2 42. Qd8+ Kg7 43. Ne6+ fxe6 44. Qc7+ Kg6 0-1

[Event "91st UKR-ch"]
[Site "Poltava UKR"]
[Date "2023.12.09"]
[Round "1.5"]
[White "Berin, Artem"]
[Black "Plyushko, Alexey"]
[WhiteElo "2321"]
[BlackElo "1761"]
[Result "1-0"]
[EventDate "2023.12.09"]
[PlyCount "59"]

1. d4 d5 2. c4 Nc6 3. cxd5 Qxd5 4. e3 e5 5. Nc3 Bb4 6. a3 Bxc3+ 7. bxc3 Nf6 8. c4 Qd6 9. d5 Nb8 10. a4 Nbd7 11. Ba3 Nc5 12. Nf3 Bg4 13. Be2 Nfe4 14. Qc2 f5 15. h3 Bh5 16. Bxc5 Qxc5 17. g4 Bg6 18. gxf5 Bxf5 19. Bd3 Nxf2 20. Kxf2 Bxd3 21. Qxd3 O-O 22. Ke2 e4 23. Qxe4 Rae8 24. Qd4 Qd6 25. Rhg1 Qh6 26. Ng5 Rf5 27. Ne6 c5 28. Rxg7+ Kh8 29. Re7+ cxd4 30. Rxe8+ 1-0

[Event "91st UKR-ch"]
[Site "Poltava UKR"]
[Date "2023.12.09"]
[Round "1.6"]
[White "Demenyuk, Vladislav"]
[Black "Dehtiarov, Roman"]
[WhiteElo "1751"]
[BlackElo "2320"]
[Result "0-1"]
[EventDate "2023.12.09"]
[PlyCount "124"]

1. Nf3 d5 2. g3 Bg4 3. Bg2 c6 4. O-O e6 5. d3 Nf6 6. c4 Nbd7 7. Nc3 Be7 8. Rb1 a5 9. Bf4 O-O 10. Qc2 h6 11. h3 Bh5 12. e4 Bxf3 13. Bxf3 e5 14. Bd2 dxc4 15. dxc4 Nc5 16. Be3 Ne6 17. Rbd1 Qc7 18. Rd2 Bc5 19. Na4 Bd4 20. Rfd1 Rad8 21. Qb3 Rd7 22. Nc3 Bxe3 23. fxe3 Rfd8 24. Rxd7 Rxd7 25. Kf2 Nc5 26. Qc2 Qd8 27. Ke2 Qe7 28. b3 Qe6 29. Bg2 Nh5 30. g4 Nf6 31. Rxd7 Ncxd7 32. Nd1 h5 33. Nf2 hxg4 34. hxg4 Nh7 35. Kf1 Ng5 36. Qd1 g6 37. Nh3 Nxh3 38. Bxh3 Kg7 39. Qf3 Nc5 40. g5 Qe7 41. Qg4 Ne6 42. Ke1 Nxg5 43. Bg2 Ne6 44. Qd1 Qd8 45. Qa1 Qh4+ 46. Kf1 Qg3 47. Qc3 b6 48. Qd2 Kg8 49. a3 Qg5 50. Kf2 Qd8 51. Qc3 Qd6 52. b4 axb4 53. axb4 Kg7 54. Ke2 Kf6 55. Qe1 Qf8 56. Qf2+ Kg7 57. Qe1 Qa8 58. Qc3 Kf6 59. Kf3 Qa4 60. Qe1 Qc2 61. Qh4+ Kg7 62. Bf1 f6 0-1

[Event "91st UKR-ch"]
[Site "Poltava UKR"]
[Date "2023.12.09"]
[Round "1.7"]
[White "Alexikov, Alexander"]
[Black "Martynenko, Konstantin"]
[WhiteElo "2209"]
[BlackElo "1706"]
[Result "0-1"]
[EventDate "2023.12.09"]
[PlyCount "110"]

1. e4 e6 2. d4 d5 3. Nc3 Bb4 4. e5 c5 5. a3 Bxc3+ 6. bxc3 Ne7 7. h4 Qa5 8. Bd2 Nbc6 9. h5 h6 10. a4 Bd7 11. Qb1 Qc7 12. Nf3 f6 13. exf6 gxf6 14. Qc1 O-O-O 15. dxc5 Ne5 16. Nd4 Qxc5 17. Qb2 Nc4 18. Qb4 Qxb4 19. cxb4 Nxd2 20. Kxd2 e5 21. Nb3 Rhg8 22. c3 Rg5 23. g3 Nf5 24. Nc5 Nd6 25. Nxd7 Kxd7 26. Bd3 e4 27. Be2 Ke6 28. Rh4 f5 29. Rc1 Nc4+ 30. Ke1 Rg7 31. Rf4 Ne5 32. Kd2 Nc4+ 33. Kc2 Ke5 34. Kb3 Rc7 35. Rc2 a5 36. Rh4 Rdc8 37. Rh1 axb4 38. Kxb4 Rc6 39. a5 Kd6 40. Rd1 Rc5 41. Ra1 Ra8 42. Rca2 Kc6 43. Bxc4 Rxc4+ 44. Kb3 Ra6 45. Ra4 Kb5 46. R4a3 Rac6 47. Kb2 Ka6 48. Rd1 R6c5 49. Rd2 Rb5+ 50. Kc2 Rcc5 51. f3 Rxa5 52. Rxa5+ Rxa5 53. c4 Ra2+ 54. Kc3 Rxd2 55. Kxd2 exf3 0-1

[Event "91st UKR-ch"]
[Site "Poltava UKR"]
[Date "2023.12.09"]
[Round "1.8"]
[White "Romaniv, Mykola"]
[Black "Yurchishyn, Nikolay"]
[WhiteElo "1667"]
[BlackElo "2199"]
[Result "0-1"]
[EventDate "2023.12.09"]
[PlyCount "80"]

1. d4 Nf6 2. c4 c5 3. d5 b5 4. cxb5 a6 5. b6 g6 6. Nc3 d6 7. a4 Qxb6 8. a5 Qc7 9. e4 Bg7 10. Nf3 Bg4 11. h3 Bxf3 12. Qxf3 Nbd7 13. Bf4 O-O 14. Bc4 Rfb8 15. Qe2 Nh5 16. Bh2 Qb7 17. Na4 Qb4+ 18. Kf1 Qxa5 19. g4 Rxb2 20. Nxb2 Qxa1+ 21. Nd1 Nhf6 22. Kg2 a5 23. f4 Qd4 24. Nf2 Nb6 25. Ba2 c4 26. Rd1 Qc3 27. e5 Nfxd5 28. Ne4 Qe3 29. Qf3 Qxf3+ 30. Kxf3 dxe5 31. fxe5 Nb4 32. Bb1 a4 33. Nc3 e6 34. Ke4 a3 35. Na2 Nxa2 36. Bxa2 Nd5 37. Rc1 c3 38. Bg1 Ra4+ 39. Bd4 f5+ 40. gxf5 gxf5+ 0-1

[Event "91st UKR-ch"]
[Site "Poltava UKR"]
[Date "2023.12.09"]
[Round "1.9"]
[White "Goroshchenko, Dmitry"]
[Black "Tytianiuk, Artem"]
[WhiteElo "2193"]
[BlackElo "1595"]
[Result "1-0"]
[EventDate "2023.12.09"]
[PlyCount "45"]

1. e4 c6 2. d4 d5 3. exd5 cxd5 4. c4 Nf6 5. Nc3 e6 6. Nf3 Bb4 7. Bd3 O-O 8. O-O dxc4 9. Bxc4 Bxc3 10. bxc3 Qc7 11. Qe2 Bd7 12. Ne5 Nd5 13. Bd2 Rc8 14. Bd3 Nc6 15. Bxh7+ Kf8 16. Qh5 Nxe5 17. dxe5 Bb5 18. Rfc1 g6 19. Bxg6 fxg6 20. Qh8+ Kf7 21. Qh7+ Ke8 22. Qg8+ Kd7 23. Qf7+ 1-0

[Event "91st UKR-ch"]
[Site "Poltava UKR"]
[Date "2023.12.10"]
[Round "2.1"]
[White "Eropunov, Gleb"]
[Black "Maximov, Dmitry"]
[WhiteElo "1961"]
[BlackElo "2491"]
[Result "1-0"]
[EventDate "2023.12.09"]
[PlyCount "47"]

1. e4 c5 2. Nf3 d6 3. d4 cxd4 4. Nxd4 Nf6 5. Nc3 a6 6. f4 e5 7. Nb3 Nbd7 8. g4 Nb6 9. g5 Nfd7 10. f5 Be7 11. Rg1 Qc7 12. Be3 O-O 13. Qh5 g6 14. Qh4 Re8 15. Rg3 d5 16. Rh3 Nf8 17. Bxb6 Qxb6 18. Nxd5 Qc6 19. f6 Bxh3 20. fxe7 Nd7 21. Bxh3 f5 22. gxf6 h5 23. Bxd7 Qxd7 24. f7+ 1-0

[Event "91st UKR-ch"]
[Site "Poltava UKR"]
[Date "2023.12.10"]
[Round "2.10"]
[White "Bardar, Viktor"]
[Black "Mukha, Nikolay"]
[WhiteElo "1847"]
[BlackElo "2122"]
[Result "0-1"]
[EventDate "2023.12.09"]
[PlyCount "68"]

1. d4 Nf6 2. c4 g6 3. g3 Bg7 4. Bg2 O-O 5. Nc3 d6 6. Nf3 Nc6 7. d5 Na5 8. Nd2 c5 9. O-O a6 10. Qc2 Rb8 11. b3 b5 12. Bb2 Bh6 13. f4 e6 14. dxe6 fxe6 15. Rad1 bxc4 16. bxc4 Ng4 17. Rf3 Nc6 18. Nb3 Bg7 19. e3 Nb4 20. Qd2 Nxa2 21. Nxa2 Rxb3 22. Bxg7 Kxg7 23. h3 Nh6 24. e4 Rxf3 25. Bxf3 e5 26. Bg2 Nf7 27. Nc3 Qa5 28. Qb2 Qb4 29. Qxb4 cxb4 30. Nd5 Be6 31. Nxb4 Bxc4 32. fxe5 dxe5 33. Rd7 a5 34. Bf1 Bxf1 0-1

[Event "91st UKR-ch"]
[Site "Poltava UKR"]
[Date "2023.12.10"]
[Round "2.2"]
[White "Pavlov, Sergey"]
[Black "Lyakh, Vasiliy"]
[WhiteElo "2474"]
[BlackElo "1968"]
[Result "1/2-1/2"]
[EventDate "2023.12.09"]
[PlyCount "82"]

1. e4 c5 2. Nf3 d6 3. d4 cxd4 4. Nxd4 Nf6 5. f3 e5 6. Nb3 d5 7. Bg5 Be6 8. Bxf6 gxf6 9. exd5 Qxd5 10. Qxd5 Bxd5 11. Nc3 Be6 12. O-O-O Nc6 13. Bb5 a6 14. Bxc6+ bxc6 15. Ne4 Bh6+ 16. Kb1 Ke7 17. Na5 Rhc8 18. Nc5 Be3 19. Nxe6 fxe6 20. Nc4 Ba7 21. c3 Rd8 22. Na5 Rac8 23. Rxd8 Kxd8 24. Rd1+ Kc7 25. Nc4 Rg8 26. Rd2 Bc5 27. Kc2 h5 28. Kd1 Bg1 29. h3 Bh2 30. Ke1 Bf4 31. Rd6 Rxg2 32. Rxe6 Rh2 33. Rxf6 Rxh3 34. Rf7+ Kb8 35. Rh7 h4 36. Kf2 Rh2+ 37. Kg1 h3 38. a4 Rg2+ 39. Kf1 Rg3 40. Kf2 Rg2+ 41. Kf1 Rg3 1/2-1/2

[Event "91st UKR-ch"]
[Site "Poltava UKR"]
[Date "2023.12.10"]
[Round "2.3"]
[White "Zabolotny, Volodymyr"]
[Black "Bakhmatskyi, Vladyslav"]
[WhiteElo "1932"]
[BlackElo "2465"]
[Result "0-1"]
[EventDate "2023.12.09"]
[PlyCount "77"]

1. Nf3 d5 2. e3 Nf6 3. b3 e6 4. Bb2 Be7 5. c4 O-O 6. Nc3 b6 7. Be2 Bb7 8. O-O dxc4 9. Bxc4 a6 10. d4 b5 11. Be2 Nbd7 12. Rc1 Qb8 13. Qc2 Rc8 14. Rfd1 c5 15. dxc5 Nxc5 16. b4 Na4 17. Qb3 Nxb2 18. Qxb2 Ng4 19. h3 Ne5 20. Nd2 Ng6 21. Nce4 Bd5 22. Nc5 a5 23. a3 axb4 24. axb4 Ra2 25. Qb1 Qa8 26. Bf1 Qa3 27. Bxb5 Rb8 28. Bc4 Rxd2 29. Rxd2 Rxb4 30. Bb3 Bxc5 31. Rxc5 Rxb3 32. Rc8+ Nf8 33. Qc2 Qb4 34. Rd4 Rb1+ 35. Kh2 Qd6+ 36. f4 Rb8 37. Kg1 Rxc8 38. Qxc8 Qa3 39. Qc1 0-1

[Event "91st UKR-ch"]
[Site "Poltava UKR"]
[Date "2023.12.10"]
[Round "2.4"]
[White "Polulikh, Bogdan"]
[Black "Gorgola, Georgiy"]
[WhiteElo "2346"]
[BlackElo "1957"]
[Result "1-0"]
[EventDate "2023.12.09"]
[PlyCount "85"]

1. e4 c5 2. Be2 Nc6 3. f4 d5 4. d3 e6 5. Nf3 g6 6. O-O Bg7 7. c3 Nf6 8. e5 Ng8 9. Be3 b6 10. d4 c4 11. b3 cxb3 12. axb3 Nge7 13. Na3 O-O 14. Bd3 f6 15. Qe2 a5 16. g4 f5 17. h3 Bh6 18. Ne1 Bd7 19. Ng2 Na7 20. Rac1 Qb8 21. h4 Qe8 22. c4 Rc8 23. h5 gxh5 24. gxf5 exf5 25. Kf2 Be6 26. Rh1 Bf7 27. cxd5 Nxd5 28. Bxf5 Rxc1 29. Bxc1 Bg6 30. Bxg6 hxg6 31. Qe4 Qe6 32. Rg1 Kh7 33. Ke1 Nc3 34. Qd3 Qc6 35. Nh4 Ne4 36. Nc4 b5 37. d5 Qc5 38. Be3 Qb4+ 39. Ke2 bxc4 40. Qxe4 Rg8 41. Nxg6 Rg7 42. Nf8+ Kg8 43. Qh7+ 1-0

[Event "91st UKR-ch"]
[Site "Poltava UKR"]
[Date "2023.12.10"]
[Round "2.5"]
[White "Ship, Yaroslav"]
[Black "Berin, Artem"]
[WhiteElo "1889"]
[BlackElo "2321"]
[Result "1/2-1/2"]
[EventDate "2023.12.09"]
[PlyCount "179"]

1. e4 d5 2. exd5 Qxd5 3. Nc3 Qa5 4. d4 Nf6 5. Bb5+ c6 6. Bd3 Bg4 7. Be2 Bxe2 8. Qxe2 e6 9. Nf3 Nbd7 10. O-O Bd6 11. Ng5 O-O 12. Nge4 Qc7 13. g3 Nd5 14. Nxd5 cxd5 15. Ng5 h6 16. Nh3 Rfc8 17. c3 Qc4 18. Qf3 b5 19. Bd2 b4 20. b3 Qb5 21. Rfc1 bxc3 22. Rxc3 Bb4 23. Rxc8+ Rxc8 24. Qd1 Qa5 25. Bxb4 Qxb4 26. Nf4 Qc3 27. a4 Nf6 28. Ne2 Qc2 29. f3 Qf5 30. Rc1 Rxc1 31. Nxc1 Qb1 32. Qd2 g5 33. g4 Nh7 34. Kf2 Nf8 35. b4 Ng6 36. Ke2 Nf4+ 37. Kd1 Qa1 38. a5 Qa4+ 39. Ke1 Qa3 40. Kf2 a6 41. Kg3 Kf8 42. h4 Ke8 43. hxg5 hxg5 44. Ne2 Nd3 45. b5 axb5 46. Qc3 Qd6+ 47. Kg2 Nb4 48. Qc8+ Qd8 49. Qxd8+ Kxd8 50. Nc3 Nc6 51. Nxb5 Nxa5 52. f4 gxf4 53. Kf3 Ke7 54. g5 Kf8 55. Kxf4 Kg7 56. Na7 Kh7 57. Kg4 Kg6 58. Kf4 Kh5 59. Nb5 Nc6 60. Nd6 Nxd4 61. Nxf7 Nc6 62. Nd6 Kg6 63. Kg4 Ne5+ 64. Kf4 Nf7 65. Nc8 Nxg5 66. Ke5 Kf7 67. Nd6+ Ke7 68. Nc8+ Kd7 69. Nb6+ Kc6 70. Na4 Ne4 71. Nb2 Nc5 72. Nd1 Kd7 73. Nc3 Nd3+ 74. Kd4 Nb4 75. Kc5 Na6+ 76. Kd4 Kc6 77. Ke5 Nc7 78. Ne2 Kc5 79. Nd4 Kc4 80. Nc2 Kb5 81. Kd6 Kc4 82. Ke5 Nb5 83. Ne3+ Kc5 84. Kxe6 d4 85. Ng4 Kc4 86. Nf2 Kc3 87. Kd5 Kd2 88. Kc4 Ke2 89. Nd3 Ke3 90. Nb4 1/2-1/2

[Event "91st UKR-ch"]
[Site "Poltava UKR"]
[Date "2023.12.10"]
[Round "2.6"]
[White "Dehtiarov, Roman"]
[Black "Babayev, Murad"]
[WhiteElo "2320"]
[BlackElo "1896"]
[Result "0-1"]
[EventDate "2023.12.09"]
[PlyCount "121"]

1. d4 Nf6 2. c4 e6 3. Nc3 d5 4. Nf3 Nbd7 5. Bg5 Be7 6. e3 O-O 7. Qc2 dxc4 8. Bxc4 c5 9. O-O cxd4 10. exd4 Nb6 11. Bd3 h6 12. Bd2 Nbd5 13. a3 b6 14. Ne5 Bb7 15. Rfe1 Rc8 16. Rad1 a6 17. Qc1 Re8 18. Bb1 Bf8 19. Qc2 b5 20. Ng4 h5 21. Nxf6+ Nxf6 22. Bg5 g6 23. d5 e5 24. Qb3 Qd6 25. Bxf6 Qxf6 26. Ne4 Qg7 27. Ba2 Red8 28. Qf3 Kh8 29. Ng5 Rd7 30. Rc1 Rcd8 31. h4 Kg8 32. Red1 Be7 33. b4 Bxg5 34. hxg5 Qf8 35. Rc5 Qe7 36. Qg3 Qd6 37. Bb1 Kg7 38. Be4 Re8 39. Rd3 Qb8 40. Kh2 Qd8 41. Qe3 Rd6 42. g3 Re7 43. Bg2 Bc8 44. Qd2 Bf5 45. Re3 e4 46. Qd4+ Kh7 47. Rec3 Re8 48. Rc7 Re7 49. Qa7 Red7 50. Rxd7 Rxd7 51. Qxa6 Rxd5 52. Qb7 Rd7 53. Qxb5 Rd2 54. Qc4 Be6 55. Qc5 Rd5 56. Qe3 Rd3 57. Qc1 Qd4 58. Rc2 e3 59. Re2 exf2 60. Qb2 h4 61. g4 0-1

[Event "91st UKR-ch"]
[Site "Poltava UKR"]
[Date "2023.12.10"]
[Round "2.7"]
[White "Yurchishyn, Nikolay"]
[Black "Rybakov, Serhii"]
[WhiteElo "2199"]
[BlackElo "1879"]
[Result "1-0"]
[EventDate "2023.12.09"]
[PlyCount "69"]

1. Nf3 c5 2. g3 Nc6 3. Bg2 g6 4. O-O Bg7 5. e4 e5 6. c3 Nge7 7. a3 d6 8. b4 a6 9. d3 O-O 10. Nbd2 Kh8 11. Rb1 f5 12. Qb3 cxb4 13. cxb4 Ng8 14. Bb2 Qe7 15. exf5 gxf5 16. Rfe1 Be6 17. Qd1 Nf6 18. Rc1 Nd5 19. Nh4 Rf6 20. Qe2 Raf8 21. f4 Rh6 22. fxe5 dxe5 23. Ndf3 f4 24. Nxe5 fxg3 25. hxg3 Nf4 26. gxf4 Qxh4 27. Nf3 Qxf4 28. Bxg7+ Kxg7 29. Qe3 Qd6 30. Ne5 Rf5 31. Ng4 Rg6 32. Rxc6 bxc6 33. Ne5 Rgg5 34. Nf3 Rxf3 35. Qxg5+ 1-0

[Event "91st UKR-ch"]
[Site "Poltava UKR"]
[Date "2023.12.10"]
[Round "2.8"]
[White "Chobitok, Yakov"]
[Black "Goroshchenko, Dmitry"]
[WhiteElo "1862"]
[BlackElo "2193"]
[Result "0-1"]
[EventDate "2023.12.09"]
[PlyCount "76"]

1. d4 d5 2. c4 dxc4 3. e4 c5 4. d5 Nf6 5. Nc3 b5 6. Bf4 Qa5 7. a4 Nxe4 8. Nge2 Nd6 9. axb5 Qd8 10. Ng3 Nd7 11. Bxd6 exd6 12. Bxc4 Nb6 13. Bd3 Be7 14. O-O O-O 15. Ra3 g6 16. Qc2 Bb7 17. Rfa1 Qb8 18. Be4 Bf6 19. Nge2 Re8 20. f4 Bg7 21. b3 Re7 22. Bf3 c4 23. R1a2 Re3 24. b4 Rd3 25. Be4 Nxd5 26. Bxd3 cxd3 27. Qxd3 Nxb4 28. Qc4 Nxa2 29. Rxa2 Qe8 30. Qd3 Qe6 31. h3 d5 32. Kh2 d4 33. Nxd4 Qd6 34. Ra4 Qxf4+ 35. Qg3 Qd2 36. Nce2 Re8 37. Qc3 Rxe2 38. Qxd2 Rxd2 0-1

[Event "91st UKR-ch"]
[Site "Poltava UKR"]
[Date "2023.12.10"]
[Round "2.9"]
[White "Lymar, Vladislav"]
[Black "Stepanov, Vadim"]
[WhiteElo "2135"]
[BlackElo "1853"]
[Result "1-0"]
[EventDate "2023.12.09"]
[PlyCount "47"]

1. d4 Nf6 2. c4 g6 3. Nc3 d5 4. cxd5 Nxd5 5. e4 Nxc3 6. bxc3 Bg7 7. Nf3 c5 8. Bb5+ Bd7 9. Rb1 O-O 10. O-O Qc7 11. d5 Bxb5 12. Rxb5 a6 13. Rb1 c4 14. Be3 Bxc3 15. Bb6 Qc8 16. Qc2 Bg7 17. Rb4 c3 18. Qb3 Nd7 19. Rc4 Qb8 20. Bc7 Qa7 21. e5 Rac8 22. Qxc3 Nb6 23. Bxb6 Rxc4 24. Qb3 1-0

[Event "91st UKR-ch"]
[Site "Poltava UKR"]
[Date "2023.12.11"]
[Round "3.1"]
[White "Bakhmatskyi, Vladyslav"]
[Black "Lymar, Vladislav"]
[WhiteElo "2465"]
[BlackElo "2135"]
[Result "1-0"]
[EventDate "2023.12.09"]
[PlyCount "83"]

1. e4 d6 2. d4 Nf6 3. Nc3 e5 4. Nf3 Nbd7 5. Bc4 Be7 6. O-O O-O 7. a4 c6 8. h3 h6 9. Be3 Re8 10. Re1 Bf8 11. Nd2 exd4 12. Bxd4 Nc5 13. Qf3 Be6 14. Rad1 Nfd7 15. Bf1 Qg5 16. g3 f5 17. Qg2 Qg6 18. f4 Nxe4 19. Ncxe4 fxe4 20. g4 e3 21. Bd3 Qf7 22. Bxe3 Bd5 23. Qg3 Nf6 24. Bf2 c5 25. c4 Bc6 26. Bc2 d5 27. cxd5 Bxd5 28. g5 Rxe1+ 29. Rxe1 Nh5 30. Qd3 g6 31. Be3 Bd6 32. Ne4 Bxf4 33. Nf6+ Nxf6 34. Bxf4 Nh7 35. gxh6 Nf8 36. Bd6 Qf3 37. Qxf3 Bxf3 38. Rf1 Rd8 39. Rxf3 Rxd6 40. Bb3+ Kh7 41. Rxf8 Kxh6 42. Bc4 1-0

[Event "91st UKR-ch"]
[Site "Poltava UKR"]
[Date "2023.12.11"]
[Round "3.10"]
[White "Fainkihen, Efim"]
[Black "Didok, Danylo"]
[WhiteElo "1970"]
[BlackElo "1545"]
[Result "1-0"]
[EventDate "2023.12.09"]
[PlyCount "55"]

1. e4 e5 2. f4 exf4 3. Bc4 Nc6 4. d4 d6 5. Bxf4 Nf6 6. Nc3 Bg4 7. Nf3 Qe7 8. O-O O-O-O 9. Bg5 Qe8 10. d5 Ne5 11. Bb5 Nxf3+ 12. gxf3 Bd7 13. a4 Kb8 14. Be3 Qe5 15. Bxd7 Rxd7 16. f4 Qh5 17. Qd4 b6 18. Kh1 Be7 19. a5 Bd8 20. Qa4 Re7 21. Qc6 Qg4 22. axb6 cxb6 23. Qxd6+ Ka8 24. e5 Nh5 25. Qc6+ Rb7 26. Ne4 f5 27. Qc8+ Rb8 28. Rxa7+ 1-0

[Event "91st UKR-ch"]
[Site "Poltava UKR"]
[Date "2023.12.11"]
[Round "3.2"]
[White "Mukha, Nikolay"]
[Black "Polulikh, Bogdan"]
[WhiteElo "2122"]
[BlackElo "2346"]
[Result "1/2-1/2"]
[EventDate "2023.12.09"]
[PlyCount "84"]

1. d4 d5 2. c4 e6 3. Nf3 Nf6 4. Nc3 Be7 5. Bg5 h6 6. Bxf6 Bxf6 7. e3 O-O 8. Rc1 c6 9. Bd3 Nd7 10. O-O dxc4 11. Bxc4 e5 12. h3 exd4 13. exd4 Nb6 14. Bb3 Bf5 15. Re1 Re8 16. Rxe8+ Qxe8 17. Qd2 Qd7 18. Re1 Qd6 19. Ne4 Bxe4 20. Rxe4 Nd5 21. Qe2 Qd7 22. Ne5 Bxe5 23. Rxe5 Qd6 24. g3 Rd8 25. h4 Kf8 26. Bxd5 cxd5 27. b3 Qc6 28. Qf3 Rd6 29. Kg2 a6 30. h5 Qd7 31. Qc3 Kg8 32. Qc5 b6 33. Qc3 Re6 34. Qe3 Rxe5 35. Qxe5 Qc6 36. a4 a5 37. Qe7 f6 38. Kh2 Kh7 39. Kg2 Qc2 40. Qe8 Qxb3 41. Qg6+ Kg8 42. Qe8+ Kh7 1/2-1/2

[Event "91st UKR-ch"]
[Site "Poltava UKR"]
[Date "2023.12.11"]
[Round "3.3"]
[White "Babayev, Murad"]
[Black "Yurchishyn, Nikolay"]
[WhiteElo "1896"]
[BlackElo "2199"]
[Result "1-0"]
[EventDate "2023.12.09"]
[PlyCount "117"]

1. c4 g6 2. Nc3 Bg7 3. d4 Nf6 4. e4 d6 5. Nf3 O-O 6. Be2 Bg4 7. O-O Nc6 8. d5 Bxf3 9. Bxf3 Ne5 10. Be2 c6 11. Be3 Qa5 12. Rb1 Rfc8 13. b4 Qd8 14. c5 cxd5 15. exd5 a5 16. a3 axb4 17. axb4 Ned7 18. Na4 Rxa4 19. Qxa4 Nxd5 20. Qb3 Nxe3 21. fxe3 Ne5 22. Rbd1 Qc7 23. Bc4 dxc5 24. Bxf7+ Kh8 25. bxc5 Qxc5 26. Rc1 Qxc1 27. Rxc1 Rxc1+ 28. Kf2 Rc6 29. Bd5 Rf6+ 30. Ke2 b6 31. Qa3 e6 32. Bxe6 h5 33. Qe7 Kh7 34. h3 Nc6 35. Qe8 Ne5 36. g4 hxg4 37. hxg4 Nf3 38. Bd5 Ne5 39. g5 Rf8 40. Qe6 Nf7 41. Be4 Nh8 42. Qxb6 Re8 43. Kf3 Rf8+ 44. Kg4 Re8 45. Qb1 Re5 46. Qc2 Rb5 47. Qc8 Re5 48. Qb7 Ra5 49. Qb1 Ra4 50. Kg3 Ra5 51. Bd5 Be5+ 52. Kg4 Rxd5 53. Qh1+ Kg8 54. Qxd5+ Nf7 55. Qe6 Kg7 56. Qe7 Kg8 57. Kf3 Bg7 58. Ke4 Bf8 59. Qe6 1-0

[Event "91st UKR-ch"]
[Site "Poltava UKR"]
[Date "2023.12.11"]
[Round "3.4"]
[White "Goroshchenko, Dmitry"]
[Black "Eropunov, Gleb"]
[WhiteElo "2193"]
[BlackElo "1961"]
[Result "1/2-1/2"]
[EventDate "2023.12.09"]
[PlyCount "90"]

1. c4 e6 2. e4 c5 3. Nc3 Nc6 4. Nf3 Nd4 5. Bd3 Ne7 6. O-O Nec6 7. b3 g6 8. Nxd4 Nxd4 9. f4 Bg7 10. Bb2 O-O 11. Kh1 Re8 12. Rf2 f5 13. Qf1 b6 14. Re1 Bb7 15. Ba1 Qc7 16. Re3 fxe4 17. Nxe4 Rf8 18. Ng5 h6 19. Ne4 Nf5 20. Rh3 Bxe4 21. Bxe4 Rad8 22. g4 Ne7 23. Bxg7 Kxg7 24. Qa1+ e5 25. Rhf3 d6 26. fxe5 dxe5 27. Qf1 Rxf3 28. Rxf3 Qd6 29. Rf7+ Kg8 30. d3 Qe6 31. Rf6 Qxg4 32. h3 Qg5 33. Rf2 Kg7 34. Rf7+ Kg8 35. Rf2 Qg3 36. Rf3 Qh4 37. Kh2 Kg7 38. Rf7+ Kg8 39. Rf3 Qg5 40. Qf2 h5 41. h4 Qh6 42. Qg3 Qg7 43. Qh3 Rd6 44. Qf1 Rd4 45. Qh3 Rd6 1/2-1/2

[Event "91st UKR-ch"]
[Site "Poltava UKR"]
[Date "2023.12.11"]
[Round "3.5"]
[White "Tokarev, Ilya"]
[Black "Pavlov, Sergey"]
[WhiteElo "1842"]
[BlackElo "2474"]
[Result "0-1"]
[EventDate "2023.12.09"]
[PlyCount "148"]

1. e4 c5 2. Nf3 Nf6 3. e5 Nd5 4. Nc3 Nxc3 5. bxc3 d5 6. exd6 Qxd6 7. d4 cxd4 8. cxd4 g6 9. Be2 Bg7 10. O-O Nc6 11. Be3 O-O 12. Rb1 Rd8 13. c3 b6 14. Re1 Be6 15. Qd2 Na5 16. Rb4 Bd5 17. Rc1 Rac8 18. Bf4 Qd7 19. Ba6 Bb7 20. Bb5 Bc6 21. Ba6 Ra8 22. Qe2 Qf5 23. Bg3 Bd5 24. h3 Qe6 25. Qxe6 Bxe6 26. Rc2 Bd5 27. Re2 Bf8 28. Bh4 f6 29. Nd2 Bxa2 30. Ra4 Bd5 31. Bg3 Kf7 32. Ra1 Bc6 33. Nc4 Nxc4 34. Bxc4+ Bd5 35. Ba6 Rd7 36. Rb2 e6 37. Bb5 Rdd8 38. Kf1 Bd6 39. Bxd6 Rxd6 40. f3 Bc6 41. Ke2 Bxb5+ 42. Rxb5 a6 43. Rb3 g5 44. Ke3 Rc6 45. Kd3 a5 46. Rab1 Rac8 47. Kd2 h5 48. R1b2 h4 49. Rxb6 Rxc3 50. Ra2 R3c4 51. Kd3 Rc1 52. Rb7+ Kg6 53. Rb6 Rd1+ 54. Rd2 Rxd2+ 55. Kxd2 Rd8 56. Ke3 Kf5 57. Ra6 Rd5 58. Ra8 e5 59. dxe5 Rxe5+ 60. Kf2 Rb5 61. Kg1 Kf4 62. Kh2 f5 63. Rc8 Ke3 64. Rc4 Kd3 65. Ra4 f4 66. Re4 Kc3 67. Ra4 Kb3 68. Ra1 a4 69. Rb1+ Kc4 70. Ra1 Ra5 71. Rc1+ Kb3 72. Rc8 a3 73. Rb8+ Ka4 74. Rb7 a2 0-1